Miasta, które gościły cykl Speedway Grand Prix - Statystyki

Ogólne statystyki
  • Ten quiz został rozwiązany 145 razy
  • Średni wynik to 23 z 42
Statystyki odpowiedzi
PAŃSTWO MIASTO % Poprawnych
Polska Toruń
97%
Polska Wrocław
93%
Polska Warszawa
91%
Polska Gorzów Wielkopolski
90%
Polska Bydgoszcz
88%
Czechy Praga
88%
Polska Leszno
85%
Polska Lublin
82%
Wielka Brytania Cardiff
78%
Australia Sydney
71%
Dania Vojens
71%
Łotwa Dyneburg/Daugavpils
69%
Szwecja Sztokholm/Solna
69%
Szwecja Sztokholm
68%
Szwecja Malilla
66%
Polska Chorzów
65%
Wielka Brytania Londyn
65%
Chorwacja Gorican
64%
Niemcy Berlin
63%
Dania Kopenhaga
63%
Australia Melbourne
58%
Słowenia Krsko
57%
Nowa Zelandia Auckland
50%
Niemcy Landshut
49%
Rosja Togliatti
49%
Dania Horsens
45%
Niemcy Teterow
43%
Finlandia Tampere
42%
Włochy Terenzano
41%
Włochy Lonigo
40%
Szwecja Goteborg
31%
Szwecja Hallstavik
29%
Szwecja Eskilstuna
26%
Niemcy Gelsenkirchen
26%
Norwegia Hamar
24%
Wielka Brytania Brandon/Coventry
23%
Szwecja Avesta
22%
Austria Wiener Neustadt
19%
Niemcy Abensberg
17%
Szwecja Linkoping
17%
Niemcy Pocking
13%
Wielka Brytania Bradford
11%
Nie znaleziono quizów pasujących do podanych kryteriów
Rozkład punktacji
Procent ludzi z każdym wynikiem
Percentyl według liczby udzielonych odpowiedzi
Twoja historia wyników
Nie rozwiązałeś tego quizu